1366 1671 1871 1004 1425 1567 1098 1600 1794 1987 1095 1674 1943 1965 1808 1743 1184 1486 1694 1866 1223 1688 1962 1660 1341 1653 1692 1911 1314 1689 1149 1296 1845 1389 1272 1658 1688 1817 1633 1404 1122 1410 1384 1449 1196 1821 1570 1680 1899 1954 1323 1666 1958 1660 1958 1564 1121 1895 1294 1204 1482 1838 1141 1466 1586 1210 1031 1921 1358 1578 1645 1396 1115 1272 1634 1901 1502 1167 1255 1683 1053 1752 1769 1072 1252 1443 1793 1664 1129 1318 1413 1879 1957 1558 1679 1053 1134 1816 1477 BCNSPRNW ULIB Ver.6.0+V

เปลี่ยนเป็นภาษาไทย

Change to English
 แสดงรายละเอียดบรรณานุกรม
  กลับหน้าหลัก

Brief Record : Get Marc (ISO 2709) : E-mail record : QR code < ปิดหน้าต่าง
LEADER : 00000nam 2200000uu 4500
001    13399108474
003     ULIB
008    110304s2549||||th 000 0 tha d
020    9749507797
060 04 QV55^bP464ย 2549
245 00 ยา =^bThe pill book /^ceditor-in-chief, Harold M.Silverman ; พิสิฐ วงศ์วัฒนะ, แปล
246 31 The pill book
250    พิมพ์ครั้งที่ 5
260    กรุงเทพฯ :^bหมอชาวบ้าน,^c2549
300    16, 1383 หน้า ;^c22 ซม.
591    LIRA มีปี 2549
650  7 ยา^vคู่มือ
650  7 การใช้ยา^vคู่มือ
700 0  พิสิฐ วงศ์วัฒนะ,^eผู้แปล
700 1  Silverman, Harold M.,^eed
945    ^p950^l0^i023796
945    ^p950^l0^i023797
995    ทศพร
999 ^a ใช้งานได้ทุกระบบ
รายการนี้ยังไม่มีแท็ก
คุณยังไม่ได้ล็อกอิน คุณสามารถมีกิจกรรมร่วมกับเว็บไซต์ได้ แต่ต้องล็อกอินก่อน ::
  ล็อกอิน

รายการสื่อสารสนเทศ

ลำดับที่ ประเภท เลขเรียก/บาร์โค้ด สถานที่ สถานะ
- ไม่พบข้อมูล -

BibComment


ยังไม่เคยถูกคอมเมนท์

คอมเมนท์ทรัพยากรรายการนี้
  คอมเมนท์: ยา The pill book..


 Copyright 2026. Bcnsprnw @Library